000 00736nam a22002177a 4500
005 20171012151033.0
010 _aENG-120989
020 _c1599.00
_a9789350183847
020 _c1599.00
_a9350183846
035 _aEN-104521
037 _bDBAD/PUB
082 _a307.760954
100 _aJain, A. K.
245 _aRevisiting land acquisition and urban process /
_cA. K. Jain [and] foreworded by Suresh, P. Prabhu
260 _aNew Delhi
_bReadworthy Publications
_c2014
270 _aD-1, Mohan Garden Near Abhinandan
_bNew Delhi
_e110059
300 _axxi,388p.
_c22.5cm(Hb)
_bill
500 _aIncludes bibliographical references and index
700 _aSuresh, P. Prabhu
942 _2ddc
_cEN
_h307.760954
_mJAI
999 _c146558
_d146558